Coachs The Voice France (Mort subite) - Statistiques

Statistiques générales
  • Ce quiz a été pris 812 fois
  • Le résultat moyen est 9 sur 17
Answers on the Grid
Answers color-coded by a green-red scale on the quiz's grid according to % correct below.
Florent Pagny
Jenifer
Garou
Louis Bertignac
Mika
Zazie
Matt Pokora
Pascal Obispo
Soprano
Julien Clerc
Amel Bent
Marc Lavoine
Lara Fabian
Vianney
Bigflo et Oli
Zaz
Patricia Kaas
Jean-Jacques Goldman
Louane
Liane Foly
Renaud
Céline Dion
Jean-Louis Aubert
Clara Luciani
Patrick Bruel
JoeyStarr
MC Solaar
Axelle Red
Calogero
Mylène Farmer
 
Statistiques - réponses
Réponse % Correct
Mika
63%
Florent Pagny
62%
Jenifer
62%
Vianney
62%
Zazie
61%
Bigflo et Oli
59%
Garou
58%
Amel Bent
56%
Soprano
55%
Matt Pokora
52%
Zaz
52%
Pascal Obispo
51%
Marc Lavoine
48%
Louis Bertignac
40%
Lara Fabian
39%
Julien Clerc
35%
Patricia Kaas
33%
Aucun quiz correspondant
Distribution des résultats
% des personnes avec chaque résultat
Percentile par nombre de réponses
Votre historique - résultats
Vous n’avez pas pris ce quiz